| 000 | 00457nam a22001577a 4500 | ||
|---|---|---|---|
| 005 | 20251110110950.0 | ||
| 008 | 251110b |||||||| |||| 00| 0 eng d | ||
| 020 | _a979-8-88715-063-5 | ||
| 100 | _aBLAKE, REBECCA | ||
| 245 | _aAGRICULTURE FOR FOOD SECURITY AND RURAL GROWTH | ||
| 260 |
_aDUBLIN _bORYSON PRESS _c2023 |
||
| 300 | _aVI, 282P. | ||
| 500 | _aINCLUDES INDEX | ||
| 650 | _a1. FOOD SECURITY 2. AGRICULTURE- ECONOMIC ASPECTS | ||
| 942 |
_2ddc _cBK |
||
| 999 |
_c216151 _d216151 |
||